Score 0/47 Timer 08:00
5 Plays Today
Vowel-less Capital % Correct
WSRWWarsaw
92.6%
NDNLLondon
91.7%
MRRome
91.1%
GRBMXLLuxembourg
89.8%
NBSLLisbon
89.7%
SRPParis
89.6%
NLRBBerlin
89.6%
NLBDDublin
89.5%
KNSLHHelsinki
89%
TSPDBBudapest
88.7%
MLHKCTSStockholm
88.4%
WCSMMoscow
87.8%
BRGZZagreb
87.8%
NGHNPCCopenhagen
87.6%
VKKyiv
87.6%
NRM NSSan Marino
87.6%
TC NCTVVatican City
87.2%
SLSSRBBrussels
87.1%
DRDMMadrid
87.1%
NNVVienna
86.3%
GRPPrague
85.5%
TSRHCBBucharest
85.1%
KSNMMinsk
85.1%
FSSofia
84.9%
Vowel-less Capital % Correct
NRBBern
84.4%
MDRTSMAmsterdam
82.5%
DRGLBBelgrade
82.5%
VJRSSarajevo
82.4%
LSOslo
81.9%
GRRiga
81.5%
NNLLTTallinn
81.2%
VLSTRBBratislava
80.6%
KVJKRReykjavík
79%
CNMMonaco
77.8%
SNHTAthens
76.3%
ZDVVaduz
75.2%
SNLVVilnius
74.7%
JPKSSkopje
74.4%
TTLLVValletta
74.1%
NJLBJLLjubljana
70%
RKNAnkara
69.5%
LLV L RRDNAndorra La Vella
66.6%
SCNNicosia
64.5%
CRGDPPodgorica
61.9%
NTSRPPristina
60.4%
NSHCChisinau
60.3%
NRTTirana
53.5%

You're not logged in!

Compare scores with friends on all Sporcle quizzes.
OR
Log In

Sporcle TV

Today on Sporcle TV


Watch our educational content, quiz creation guides, and fun videos on Sporcle TV.

Show Comments

Extras

Top Quizzes Today


Score Distribution

Paid Content

Your Account Isn't Verified!

In order to create a playlist on Sporcle, you need to verify the email address you used during registration. Go to your Sporcle Settings to finish the process.

Report this User

Report this user for behavior that violates our Community Guidelines.

Details: